Culture générale - Quiz #20 - Statistiques

Statistiques générales
  • Ce quiz a été pris 80 087 fois
  • Le résultat moyen est 10 sur 20
Statistiques - réponses
Question Réponse % Correct
Combien font 12345 + 12345? 24690
87%
Quel est le pays le plus froid d’Amérique du Sud (température annuelle moyenne) ? Le Chili
85%
Où se situe l'étrier, le plus petit os du corps humain ? Dans l'oreille
82%
Quel volcan a enseveli Pompéi en l'an 79 ap. J.-C. ? Le Vésuve
81%
Quel nom porte un professionnel de la réparation de chaussures ? Cordonnier
79%
Quel "gentleman cambrioleur" a été créé par Maurice Leblanc ? Arsène Lupin
73%
Quel quartier de Paris, situé sur une butte, est dominé par la basilique du Sacré-Cœur ? Montmartre
67%
Dans quelle saga cinématographique peut-on voir le personnage principal se pencher en arrière, esquivant les balles comme si elles se déplaçaient au ralenti ? Matrix
64%
Quelle figure de la Révolution française, président de la Convention nationale, fut guillotiné en 1794 ? Maximilien de Robespierre
59%
Quelle fosse océanique située dans la Pacifique nord-ouest est la plus profonde connue à ce jour ? La fosse des Mariannes
50%
En cuisine, quel organe est désigné par l'appellation "rognon" ? Le rein
48%
Dans la mythologie grecque, la corne d'abondance appartenait à la chèvre Amalthée. Quel dieu, alors enfant, était allaité par cette dernière ? Zeus
46%
Quel instrument de la famille des cordes frottées, présent dans un orchestre symphonique, commence par la lettre A ? L'alto
43%
Quel est le premier grade de la Légion d'honneur ? Chevalier
35%
U2 est un groupe de rock. Mais à l'origine, qu'est-ce qu'un U-2 ? Un avion (de reconnaissance)
33%
Qui a ordonné la construction d'un mur entre l'Angleterre et l'Écosse actuelles ? Hadrien
28%
Quelle sanction a été infligée à Martin Luther et Henri VIII par le Pape ? L'excommunication
26%
Quel acteur joue dans les films "S.O.S. Fantômes", "Lost in Translation" et "Un jour sans fin" ? Bill Murray
22%
Quel est le sujet d'étude de l'oologie ? Les œufs
15%
Quel compositeur franco-roumain est à l'origine de la bande originale des Aventures de Rabbi Jacob ou encore de La Boum ? Vladimir Cosma
13%
Aucun quiz correspondant
Distribution des résultats
% des personnes avec chaque résultat
Percentile par nombre de réponses
Votre historique - résultats
Vous n’avez pas pris ce quiz